| 000 | 01551cam a22004097a 4500 | ||
|---|---|---|---|
| 001 | 2564 | ||
| 005 | 20231215142618.0 | ||
| 020 | _a9780545206884 (trade) | ||
| 020 | _a054520688X (trade) | ||
| 020 | _a9780545206952 | ||
| 020 | _a0545206952 (pbk.) | ||
| 040 |
_aBTCTA _cBTCTA _dBKX _dJAO _dUPZ _dIUI _dEHH _dDLC _beng |
||
| 050 | 0 | 0 |
_aPZ7.T211115 _bIar 2010 |
| 082 | 0 | 4 |
_a741.5 _223 |
| 100 | 1 | _aTarshis, Lauren. | |
| 245 | 1 | 0 |
_aI survived the shark attacks of 1916 / _cby Lauren Tarshis ; illustrated by Scott Dawson |
| 246 | 3 | 0 | _aShark attacks of 1916 |
| 250 | _aFirst printing, September 2010 | ||
| 260 |
_aNew York : _bScholastic, _c2010 |
||
| 300 |
_a87 pages : _billustrations ; _c22 cm |
||
| 490 | 1 | _aI survived | |
| 505 | _aK | ||
| 520 | _aIn July, 1916, Chet Roscow is fascinated by news accounts of the great white shark said to be attacking people along the New Jersey shore not far from his home, but when he goes swimming in Matawan Creek he discovers the truth of the stories. | ||
| 521 | 1 |
_a610 _bLexile |
|
| 521 | 0 |
_aK _bRaz-Plus |
|
| 650 | 0 |
_aShark attacks _vJuvenile fiction. |
|
| 650 | 0 |
_aShark attacks _zNew Jersey _vJuvenile fiction. |
|
| 650 | 0 |
_aSeashore _zNew Jersey _xHistory _vJuvenile fiction. |
|
| 650 | 1 |
_aShark attacks _vFiction. |
|
| 650 | 1 |
_aSharks _vFiction. |
|
| 650 | 1 |
_aAdventure and adventurers _vFiction. |
|
| 650 | 1 |
_aSurvival _vFiction. |
|
| 655 | 7 |
_aAdventure fiction. _2gsafd |
|
| 700 | 1 |
_aDawson, Scott _eillustrator |
|
| 906 |
_a7 _bcbc _ccopycat _d2 _encip _f20 _gy-gencatlg |
||
| 942 |
_2ddc _cBK _n0 |
||
| 999 |
_c2564 _d2564 |
||